00383nam a2200145Ia 4500008004100000020001500041041001200056082001600068100001600084245006300100260003500163300000800198650001400206700001700220221030s9999 xx 000 0 und d a8178087510 aEnglish a105.23bYat aR. B. Yates 0aModern Information Retrievalcby R. B. Yates, B.R. Ribeiro bPearson EducationaDelhic2005 a513 aComputers aB.R. Ribeiro